Public health leadership : putting principles into practice (Record no. 47127)

MARC details
000 -LEADER
fixed length control field 00698nam a2200229Ia 4500
008 - FIXED-LENGTH DATA ELEMENTS--GENERAL INFORMATION
fixed length control field 191130s2009##################000#0#eng##
020 ## - INTERNATIONAL STANDARD BOOK NUMBER
International Standard Book Number 9780763750503
022 ## - INTERNATIONAL STANDARD SERIAL NUMBER
International Standard Serial Number 2008018042
040 ## - CATALOGING SOURCE
Original cataloging agency ACL
Transcribing agency ACL
082 ## - DEWEY DECIMAL CLASSIFICATION NUMBER
Classification number 362.1068 ROW
100 ## - MAIN ENTRY--PERSONAL NAME
Personal name Rowitz, Louis
245 ## - TITLE STATEMENT
Title Public health leadership : putting principles into practice
Statement of responsibility, etc. Louis Rowitz
250 ## - EDITION STATEMENT
Edition statement 2nd ed
260 ## - PUBLICATION, DISTRIBUTION, ETC.
Place of publication, distribution, etc. Boston, MA
Name of publisher, distributor, etc. Jones and Bartlett Publishers
Date of publication, distribution, etc. c2009
300 ## - PHYSICAL DESCRIPTION
Extent xv, 570 p. : ill. ; 26 cm
500 ## - GENERAL NOTE
General note Includes bibliographical references and index
650 ## - SUBJECT ADDED ENTRY--TOPICAL TERM
Topical term or geographic name entry element Leadership
Topical term or geographic name entry element Public health administration
990 ## - EQUIVALENCES OR CROSS-REFERENCES [LOCAL, CANADA]
Link information for 9XX fields cfd6a5ffac10000c7b3c006d241ff249
991 ## -
-- 364147
Holdings
Withdrawn status Lost status Materials specified (bound volume or other part) Damaged status Not for loan Home library Current library Shelving location Date acquired Total Checkouts Full call number Barcode Date last seen Price effective from Koha item type
    pbk     Anna Centenary Library Anna Centenary Library 4TH FLOOR, A WING 09.10.2020   362.1068 ROW 297900 09.10.2020 09.10.2020 English Books

Find us on the map